Quiz sur l'Auvergne-Rhône-Alpes - Statistiques

Statistiques générales
  • Ce quiz a été pris 142 fois
  • Le résultat moyen est 14 sur 25
Statistiques - réponses
Question Réponse % Correct
Plus grande ville et préfecture Lyon
98%
Principale ville (par aire urbaine) Lyon
98%
Ancienne préfecture de l'Auvergne Clermont-Ferrant
87%
Clermont-Ferrant
87%
Grenoble
84%
Chaîne de montagne à l'Est de la région Alpes
83%
Saint-Étienne
78%
Nombre de département 12 (13 avec la métropole de Lyon)
77%
Fleuve principal passant par Valence Rhône
76%
Chaîne de montagne couvrant la partie sud de l'Auvergne Massif central
67%
Entreprise connu pour ses pneus et sa mascotte "Bibendum" Michelin
64%
Acronyme de quatre lettres représentant la région AURA
58%
Ville du Puy-de-Dôme, ayant donné son nom à une pierre noire caractéristique de la région et une marque d'eau Volvic
50%
Homme politique originaire de la région, ayant été maire du Puy-en-Velay, ministre et président de la région jusqu'en 2024 Laurent Wauquiez
48%
Appellation d'origine protégée (AOP) de vin dit "nouveau" Beaujolais
47%
Plat à base de pomme de terre et de crème consommé dans les départements au sud de Lyon Gratin Dauphinois
45%
Sous-préfecture du Puy-de-Dôme, connu pour sa coutellerie, produisant 80% des couteaux de France Thiers
43%
Fromage auvergnat tirant son nom d'une montagne au sud-ouest de l'Auvergne Cantal
40%
Éminant mathématicien et philosophe auvergnat, auteur des Pensées Blaise Pascal
37%
Région historique française, à la frontière est de la région Savoie
35%
Cinquième plus grande urbaine de la région, centrée sur cette ville étrangère Genève-Annemasse
31%
Plat auvergnat à base de fromage, pomme de terre et ail Truffade
30%
Région historique française, couvrant au sud de la région l'Isère et la Drôme Dauphiné
28%
Région historique française, correspondante à l'Allier Bourbonnais
24%
Maison d'édition iséroise spécialisée dans la BD et le manga Glénat
13%
Aucun quiz correspondant
Distribution des résultats
% des personnes avec chaque résultat
Percentile par nombre de réponses
Votre historique - résultats
Vous n’avez pas pris ce quiz